The big winners (Record no. 117560)
[ view plain ]
| 000 -LEADER | |
|---|---|
| fixed length control field | 01157cam a2200217 4500 |
| 001 - CONTROL NUMBER | |
| control field | ABS@61468 |
| 008 - FIXED-LENGTH DATA ELEMENTS--GENERAL INFORMATION | |
| fixed length control field | 040621n2004 000 0 eng u |
| 035 ## - SYSTEM CONTROL NUMBER | |
| System control number | (Sirsi) u126542 |
| 100 ## - MAIN ENTRY--PERSONAL NAME | |
| Personal name | Bazlinton, C. |
| 245 #4 - TITLE STATEMENT | |
| Title | The big winners |
| 260 ## - PUBLICATION, DISTRIBUTION, ETC. | |
| Date of publication, distribution, etc. | 2004 |
| 490 ## - SERIES STATEMENT | |
| Series statement | Inside Housing |
| Volume/sequential designation | 21(23) 11 June 2004, 54-56(3) |
| 520 ## - SUMMARY, ETC. | |
| Summary, etc. | Presents the results of the 2004 "Inside Housing" survey of the top 50 housing association developers in England. The survey reveals big new allocations, bigger than ever programmes for the successful bidders and a continuing shift of work to southern England. In the first year under the Housing Corporation's reinventing investment policy, 80% of the Approved Development Programme (ADP) went to just 70 partner associations and also for the first time successful associations have been guaranteed cash for two years. Tables cover the top 50 housing association developers and the top 25 ADP recipients. |
| 590 ## - LOCAL NOTE (RLIN) | |
| Local note | ABS |
| 590 ## - LOCAL NOTE (RLIN) | |
| Local note | ABS |
| 650 ## - SUBJECT ADDED ENTRY--TOPICAL TERM | |
| Topical term or geographic name entry element | APPROVED DEVELOPMENT PROGRAMME |
| 650 ## - SUBJECT ADDED ENTRY--TOPICAL TERM | |
| Topical term or geographic name entry element | LARGE SCALE VOLUNTARY TRANSFERS |
| 650 ## - SUBJECT ADDED ENTRY--TOPICAL TERM | |
| Topical term or geographic name entry element | HOUSING ASSOCIATIONS |
| 690 ## - LOCAL SUBJECT ADDED ENTRY--TOPICAL TERM (OCLC, RLIN) | |
| Topical term or geographic name as entry element | HOUSING-DEVELOPMENT |
| 942 ## - ADDED ENTRY ELEMENTS (KOHA) | |
| Suppress in OPAC | 0 |
| Withdrawn status | Lost status | Source of classification or shelving scheme | Damaged status | Not for loan | Home library | Current library | Shelving location | Date acquired | Total Checkouts | Full call number | Barcode | Date last seen | Copy number | Price effective from | Koha item type |
|---|---|---|---|---|---|---|---|---|---|---|---|---|---|---|---|
| Dewey Decimal Classification | London | London | Journal article | 21/06/2004 | X126542 | 126542-1001 | 06/08/2019 | 1 | 06/08/2019 | Journal article |